| 000 | 00976nam a2200229 a 4500 | ||
|---|---|---|---|
| 001 | BRCA_3920 | ||
| 005 | 20190320204457.0 | ||
| 008 | 100110s1857----u--a######---#000-0#eng-# | ||
| 041 | _aeng | ||
| 044 | _au | ||
| 050 | 4 |
_aE405.1 _b.F98 1857 |
|
| 100 | 1 |
_aFurber, George C. _910194 |
|
| 245 | 1 | 0 |
_aThe twelve months volunteer ; or journal of a private, in the Tennessee regiment of cavalry, in the campaign in Mexico, 1846-7; including a complete history of the war with Mexico, embellished with correct engravings, from drawings by the author _cby George C. Furber of Company G. |
| 260 |
_aCincinnati _bs.e. _c1857 |
||
| 300 |
_a640 p. _bil., 23 láminas, 1 mapa, planiferio _c24 cm. |
||
| 500 | _aIncluye apéndice: p. 615-624 e índice de ilustraciones p. ix. | ||
| 500 | _aC70 | ||
| 651 | 4 |
_aMéxico _vHistoria _yGuerra con Estados Unidos, 1845-1848 _910098 |
|
| 651 | 4 |
_aEstados Unidos _vHistoria _yGuerra con México, 1845-1848 _910099 |
|
| 902 | _aGFM | ||
| 942 |
_2lcc _cB |
||
| 999 |
_c3647 _d3647 |
||